The Chronicles of Narnia / (Record no. 9624)

MARC details
000 -LEADER
fixed length control field 01019nam a22003017a 4500
001 - CONTROL NUMBER
control field 9624
003 - CONTROL NUMBER IDENTIFIER
control field FISKH
005 - DATE AND TIME OF LATEST TRANSACTION
control field 20260126135840.0
008 - FIXED-LENGTH DATA ELEMENTS--GENERAL INFORMATION
fixed length control field 260126b cb ||||| |||| 00| 0 eng d
020 ## - INTERNATIONAL STANDARD BOOK NUMBER
International Standard Book Number 9780007117307
040 ## - CATALOGING SOURCE
Original cataloging agency FISKH
Language of cataloging eng
Transcribing agency FISKH
Modifying agency FISKH
050 ## - LIBRARY OF CONGRESS CALL NUMBER
Classification number PZ7 .L58474 .C
082 ## - DEWEY DECIMAL CLASSIFICATION NUMBER
Classification number 823.087661
100 ## - MAIN ENTRY--PERSONAL NAME
Personal name Lewis , C.S .
245 ## - TITLE STATEMENT
Title The Chronicles of Narnia /
Statement of responsibility, etc. By C.S. Lewis With illustratios by Pauline Baynes
260 ## - PUBLICATION, DISTRIBUTION, ETC.
Place of publication, distribution, etc. London :
Name of publisher, distributor, etc. Harpercollins Publishers ,
Date of publication, distribution, etc. 1950 .
300 ## - PHYSICAL DESCRIPTION
Extent 766 pages :
Other physical details illustrations ;
Dimensions 23 cm .
490 ## - SERIES STATEMENT
Series statement The Chronicles of Narnia: Publication order
Volume/sequential designation (Collections and Selections — 1-7)
505 ## - FORMATTED CONTENTS NOTE
Formatted contents note Z <br/>
520 ## - SUMMARY, ETC.
Summary, etc. Aslan, the noble lion, and the royal leaders of Narnia struggle against the magical forces of evil.
521 8# - TARGET AUDIENCE NOTE
Target audience note 970 <br/>
Source Lexile <br/>
521 8# - TARGET AUDIENCE NOTE
Target audience note Z <br/>
Source Raz-Plus <br/>
650 ## - SUBJECT ADDED ENTRY--TOPICAL TERM
Topical term or geographic name entry element Fantasy
Form subdivision Fiction
650 ## - SUBJECT ADDED ENTRY--TOPICAL TERM
Topical term or geographic name entry element Young adult
Form subdivision Fiction
700 ## - ADDED ENTRY--PERSONAL NAME
Personal name Baynes , Pauline
Relator term Illustrator
942 ## - ADDED ENTRY ELEMENTS (KOHA)
Source of classification or shelving scheme Dewey Decimal Classification
Koha item type Books
Suppress in OPAC No
Holdings
Withdrawn status Lost status Source of classification or shelving scheme Damaged status Not for loan Collection Home library Current library Shelving location Date acquired Total Checkouts Full call number Barcode Date last seen Price effective from Koha item type
    Dewey Decimal Classification     Fiction Footprints International School Library Network Toul Tom Poung Campus Footprints International School Library Network Toul Tom Poung Campus TTP Secondary Fiction Bookshelves 01/26/2026   LEW 823.087661 PZ7 .L58474 .C 2026-0140 01/26/2026 01/26/2026 Books